Statistics for Solve the Secret Country #2

Click here to take the quiz!

General Stats

  • This quiz has been taken 67,425 times
    (65,300 since last reset)
  • The average score is 16 of 27

Answer Stats

HintAnswer% Correct
EPRUPeru
100%
GOOTTogo
99%
AALMTMalta
96%
AAGHNGhana
95%
AEKNYKenya
95%
ACEFNRFrance
88%
ABIILOVBolivia
85%
AAAILMSYMalaysia
82%
ABHNTUBhutan
80%
ADJNORJordan
76%
AEGINUGuinea
70%
AIINSTUTunisia
68%
BEGILMUBelgium
62%
BDINRUUBurundi
62%
AAEIMNRArmenia
50%
AAABHMSBahamas
41%
ABELNNOLebanon
41%
AEIINSTWEswatini
40%
AADHILNTThailand
38%
AGLOPRTUPortugal
37%
AAAILRSTUAustralia
33%
AEGINOPRSSingapore
28%
AAAEGLMTUGuatemala
24%
Secret CountryINDONESIA
23%
AAAIIMNRTUMauritania
21%
ADEEHLNNRSTNetherlands
18%
AEIKMNNRSTTUTurkmenistan
18%

Score Distribution

Percentile by Number Answered

Percent of People with Each Score

Your Score History

You have not taken this quiz since the last reset